000 00762nam a2200241Ia 4500
003 GCL
008 140319s9999 xx 000 0 ara d
040 _aGCL /
_cGCL
082 0 4 _a553
_bع ع
100 1 _aعلى على السكرى
245 1 0 _aالعرب وعلوم الارض /
_cعلى على السكرى
260 _a[S.N] :
_bمنشاة المعارف ،
_c1988
300 _a206 ص
490 _aسلسلة الكتب الجغرافية
_v0
650 0 4 _aالجغرافيا الطبيعية
650 0 4 _aالجيولوجيا
650 0 4 _aالجيولوجيا الاقتصادية
650 0 4 _aالبحار والمحيطات
650 0 4 _aفيزياء الارض
650 0 4 _aالارض
650 0 4 _aالصخور
942 _2ddc
_cBK
999 _c33217
_d33217